Statistics for General Knowledge Quiz #128

Click here to take the quiz!

General Stats

  • This quiz has been taken 22,159 times
    (10,109 since last reset)
  • The average score is 12 of 20

Answer Stats

QuestionAnswer% Correct
What word commonly follows Trojan or pommel?Horse
96%
What was the name of the fairy in "Peter Pan"?Tinker Bell
92%
Who was born with the name Kal El on the planet Krypton?Superman
84%
What is the term for the Indian religious belief that the soul will enter a new body after death?Reincarnation
77%
What's the capital of North Korea?Pyongyang
74%
What is also known as the clink, the big house, or the pokey?Jail
73%
What part of the body is affected by cirrhosis?The Liver
70%
What type of insulation causes a disease caused mesothelioma, much to the
delight of lawyers everywhere?
Asbestos
70%
Who did King Oedipus marry?His Mother
65%
What Irish airline proposed charging passengers to use the bathroom?Ryanair
64%
If you can travel from Luxor to Venice to New York in less than 30 minutes, which city are you in?Las Vegas
64%
What French luxury company shares its name with the Greek messenger god?Hermes
61%
What is measured in Scoville units?Spiciness
59%
What word can mean either a song for sailors or a dilapidated house?Shanty
51%
What is the lightest type of wood that is commonly used?Balsa
49%
What made the slide rule obsolete?Calculators
47%
What crop can be devastated by a boll weevil?Cotton
39%
What greasy hair-style did Michael Jackson sport for most of the 1980s?{Jheri} Curl
34%
What type of towns often start with the letters "Bad" in Germany? ( Baden-baden, for example )Spa Towns
31%
What body part was incorporated into Batman's body suit in "Batman & Robin",
starring George Clooney?
Nipples
31%

Score Distribution

Percentile by Number Answered

Percent of People with Each Score

Your Score History

You have not taken this quiz since the last reset